000
00470nam a2200169Ia 4500
008
090711s9999 xx 000 0 und d
082
_b
69088
100
_a
ओक जनार्दन
245
_a
पाठलाग
260
_b
पूजा प्रकाशन
_c
1990
300
_a
164
600
_a
ओक जनार्दन
630
_a
पाठलाग
700
_a
ओक जनार्दन
730
_a
पाठलाग
942
_c
BOOK
999
_c
303936
_d
303936